000 00259nam a22001217a 4500
008 171107b xxu||||| |||| 00| 0 eng d
041 _aeng
080 _a330.322
100 _a63
101 _aINV
245 _aCRISIS INVESTING
_cCASEY,D.R
942 _2udc
_cBK
999 _c38109
_d38109